NFL Players With 250+ Receiving Yards in a Game - Statistics

General Stats
  • This quiz has been taken 25 times
  • The average score is 14 of 33
Answer Stats
Hint Answer % Correct
HOU - 273 Andre Johnson
100%
DET - 329 Calvin Johnson
100%
CIN - 260 Chad Johnson
100%
SF - 289 Jerry Rice
92%
ATL - 300 Julio Jones
83%
ATL - 259 Julio Jones
83%
ATL - 253 Julio Jones
83%
KC - 269 Tyreek Hill
83%
PIT - 284 Antonio Brown
75%
SF - 283 Terrell Owens
71%
JAX - 291 Jimmy Smith
63%
SEA - 261 Steve Largent
58%
CIN - 266 Ja'Marr Chase
54%
CIN - 264 Ja'Marr Chase
54%
CLE - 265 Amari Cooper
50%
CLE - 261 Josh Gordon
46%
LAR - 336 Flipper Anderson
38%
WSH - 255 Anthony Allen
29%
BUF - 265 Lee Evans
25%
SF - 286 John Taylor
21%
PIT - 253 Plaxico Burress
21%
BUF - 255 Jerry Butler
13%
DAL - 250 Miles Austin
13%
MIA - 253 Brian Hartline
8%
HOU(Oilers) - 272 Charley Hennigan
8%
DET - 302 Cloyce Box
8%
SD - 260 Wes Chandler
8%
GB - 257 Billy Howton
4%
NYG - 269 Del Shofner
4%
CLE(Rams) - 303 Jim Benton
4%
BAL - 258 Qadry Ismail
4%
STL (Cardinals) - 256 Sonny Randle
4%
KC - 309 Stephone Paige
4%
No matching quizzes found
Score Distribution
Percent of People with Each Score
Percentile by Number Answered
Your Score History
You have not taken this quiz